[Event "BL2-S9798"]
[Site "Germany"]
[Date "1997.??.??"]
[Round "?.7"]
[White "Bosbach, Gerhard"]
[Black "Oberst, Thomas"]
[Result "1-0"]
[WhiteElo "2225"]
[BlackElo "2315"]

1.d4 Nf6 2.c4 g6 3.Nc3 d5 4.cxd5 Nxd5 5.e4 Nxc3 6.bxc3 Bg7 7.Be3 c5 8.Qd2 Qa5
9.Rc1 O-O 10.d5 e6 11.Nf3 exd5 12.exd5 Bg4 13.Be2 Nd7 14.O-O Rfe8 15.h3 Bxf3
16.Bxf3 Ne5 17.Be2 Rad8 18.c4 Qxd2 19.Bxd2 Nd7 20.Rfe1 Bd4 21.Kf1 Kg7 22.Bf4 Ne5
23.Bxe5+ Rxe5 24.Bd3 Kf6 25.Rxe5 Bxe5 26.a4 Rd6 27.Rb1 Rd7 28.Ke2 Bc3 29.Be4 Bb4
30.f4 Ke7 31.Bd3 Kd6 32.f5 Ke5 33.Rf1 Kd6 34.g4 Kc7 35.h4 Kd6 36.h5 gxh5
37.g5 Ke5 38.f6 h4 39.Bxh7 h3 40.g6  1-0

[Event "BL9798 (Women)"]
[Site "Germany"]
[Date "1997.??.??"]
[Round "?.2"]
[White "Elschner, Annegret"]
[Black "Krupkova, Petra"]
[Result "1/2-1/2"]
[WhiteElo "2100"]
[BlackElo "2275"]

1.d4 Nf6 2.c4 g6 3.Nc3 d5 4.cxd5 Nxd5 5.e4 Nxc3 6.bxc3 Bg7 7.Bc4 c5 8.Ne2 Nc6
9.Be3 O-O 10.Rc1 cxd4 11.cxd4 Qa5+ 12.Kf1 Qa3 13.Rc3 Qb2 14.Rc2 Qa3 15.Rc3 Qb2
16.Rc2 Qa3  1/2-1/2

[Event "BL2-O9697"]
[Site "Germany"]
[Date "1997.??.??"]
[Round "?.1"]
[White "Spiess, Gunter"]
[Black "Jansa, Vlastimil"]
[Result "0-1"]
[WhiteElo "2410"]
[BlackElo "2490"]

1.d4 Nf6 2.c4 g6 3.Nc3 d5 4.cxd5 Nxd5 5.e4 Nxc3 6.bxc3 Bg7 7.Nf3 c5 8.Rb1 O-O
9.Be2 Nc6 10.d5 Ne5 11.Nxe5 Bxe5 12.Qd2 e6 13.f4 Bc7 14.O-O exd5 15.exd5 Ba5
16.Bb2 Bf5 17.Rbd1 Qd6 18.g4 Be4 19.Qe3 Bc2 20.c4 Rfe8 21.Qf2 Bxd1 22.Bxd1 f6
23.g5 f5 24.Ba1 Re4 25.Qb2 Rd4 26.Qb5 Bb6 27.Bxd4 cxd4 28.Re1 a6 29.Qa4 d3+
30.Kg2 Rf8 31.Rf1 Be3 32.Bb3 b6 33.c5 bxc5 34.Re1 Qxf4 35.d6+ Kh8 36.Qxf4 Bxf4
37.d7 Bxg5 38.Kf3 Kg7 39.Bc4 d2 40.Rg1 a5 41.Bb3 Bf6 42.Ke2 Rd8 43.Ba4 Be5
44.h3 Bf4 45.Rf1 g5 46.Rf3 Kf6 47.Rc3 Bd6 48.Kxd2 g4 49.hxg4 fxg4 50.Ke2 h5
51.Bc6 h4 52.Rd3 Be7 53.Ke3 Rg8 54.Kf4 Bd8 55.Rd6+ Ke7 56.Rh6 g3 57.Kf5 g2
58.Re6+ Kf7 59.Re1  0-1

[Event "BL2-N9697"]
[Site "Germany"]
[Date "1997.??.??"]
[Round "?.8"]
[White "Schuett, Wilhelm"]
[Black "Albrecht, Rainer"]
[Result "1/2-1/2"]
[WhiteElo "2135"]
[BlackElo "2265"]

1.d4 Nf6 2.c4 g6 3.Nc3 d5 4.cxd5 Nxd5 5.e4 Nxc3 6.bxc3 Bg7 7.Be3 c5 8.Qd2 Qa5
9.Rc1 O-O 10.Nf3 Bg4 11.Ng5 Na6 12.Bxa6 cxd4 13.cxd4 Qxa6 14.f3 Bd7 15.Rc7 Ba4
16.Kf2 Rac8 17.Rhc1 Rxc7 18.Rxc7 e6 19.h4 h6 20.Nh3 Rd8 21.Nf4 Be8 22.Ne2 Kh7
23.d5 exd5 24.exd5 Be5 25.Rc1 Bc6 26.Bxh6 Rxd5 27.Qe3 Qd3 28.Bf8 Qxe3+ 29.Kxe3 Ra5
30.Rc2 Bc7 31.g4 Bb6+ 32.Kf4 f5 33.h5 fxg4 34.hxg6+ Kxg6 35.fxg4 Bf2 36.Nc3 Bd4
37.Ne4 Ra4 38.Bd6 Bb6 39.Re2 Bd5 40.a3 Bd8 41.Ke5 Bxe4 42.Rxe4 Bf6+ 43.Kd5 Rxe4
44.Kxe4 Kg5 45.Kf3 b5 46.Bf4+ Kg6 47.Ke4 Bb2 48.Bd6 a5 49.Kd5 Bxa3 50.Bxa3 Kg5
51.Kc5  1/2-1/2

[Event "Bundesliga 9798"]
[Site "Germany"]
[Date "1997.??.??"]
[Round "?.8"]
[White "Hennig, Dirk"]
[Black "Gauglitz, Gernot"]
[Result "0-1"]
[WhiteElo "2435"]
[BlackElo "2400"]

1.d4 Nf6 2.c4 g6 3.Nc3 d5 4.cxd5 Nxd5 5.e4 Nxc3 6.bxc3 Bg7 7.Be3 c5 8.Rc1 Qa5
9.Qd2 cxd4 10.cxd4 Qxd2+ 11.Kxd2 O-O 12.Nf3 Nc6 13.Bb5 f5 14.exf5 Rxf5 15.a4 Bd7
16.Ke2 e6 17.Rb1 Rff8 18.Rhd1 Rac8 19.Ng5 b6 20.Ke1 h6 21.Ne4 Rcd8 22.Rbc1 Nb4
23.Rc7 Bxb5 24.axb5 Rf7 25.Rc4 Nd5 26.Rc6 Re7 27.Ke2 g5 28.h4 gxh4 29.Rh1 e5
30.dxe5 Rxe5 31.Rxh4 Nxe3 32.fxe3 Rxb5 33.Rg4 Rb2+ 34.Ke1 Kh8 35.Rc7 Rg8
36.Rg3 a5 37.Kf1 Rf8+ 38.Rf3 Rxf3+ 39.gxf3 a4 40.Ra7 b5 41.Nd6 Rb3 42.Nxb5 Rxb5
43.Rxa4 Rb2 44.Rg4 Kg8 45.Rg2 Rb1+ 46.Kf2 Kf7 47.f4 Bf6 48.Rh2 Kg6 49.Rg2+ Kf5
50.Kf3 h5 51.Rc2 Rf1+ 52.Rf2 Rh1 53.e4+ Ke6 54.Ra2 Rf1+ 55.Ke3 h4 56.Ra6+ Kf7
57.e5 Be7 58.Ke4 Rf2 59.Rh6 Kg7 60.Rh5 Ra2 61.f5 Ra4+ 62.Kd5 Ba3 63.Ke6 Ra6+
64.Kd7 Bb2 65.Rxh4 Bxe5 66.Rh1 Kf7 67.Rh7+ Bg7 68.Rh1 Ra5 69.Rf1 Be5 70.Kc6 Kf6
71.Kb6 Rd5 72.Kc6 Rd2 73.Kc5 Rd8 74.Kc4 Kg5 75.Kc5 Bf4 76.f6 Kf5 77.f7 Rf8
78.Kd5 Rxf7 79.Kc6 Rc7+ 80.Kd5 Rd7+ 81.Kc6 Rd2 82.Kc5 Ke4 83.Kc6 Rc2+ 84.Kd7 Rc7+
85.Ke6 Rc6+ 86.Kd7 Ra6 87.Ke7 Kf5 88.Kd7 Rd6+ 89.Kc8 Rd4 90.Kb7 Ke6 91.Kc6 Be5
92.Kc5 Rd3 93.Re1 Rc3+ 94.Kb4 Rc8 95.Rd1 Kf5 96.Kb5 Ke4 97.Kb6 Bd4+ 98.Kb7 Rc4
99.Rb1 Kd5 100.Rb5+ Bc5 101.Rb1 Rh4 102.Rd1+ Bd4 103.Rc1 Rh2 104.Rd1 Rh7+
105.Ka6 Ra7+ 106.Kb5 Rb7+ 107.Ka6 Rb8 108.Ka5 Rb2 109.Ka6 Kc6 110.Ka5 Bc5
111.Ka4 Rb4+ 112.Ka5 Rb3  0-1

[Event "BL9798 (Women)"]
[Site "Germany"]
[Date "1997.??.??"]
[Round "?.5"]
[White "Ulms, Sandra"]
[Black "Uhlendorf, Kristina"]
[Result "1-0"]
[WhiteElo "2100"]
[BlackElo "2110"]

1.d4 Nf6 2.c4 g6 3.Nc3 d5 4.cxd5 Nxd5 5.e4 Nxc3 6.bxc3 Bg7 7.Bc4 O-O 8.Ne2 c5
9.O-O Nc6 10.Be3 cxd4 11.cxd4 Bg4 12.f3 Na5 13.Bd3 Be6 14.Qa4 Bd7 15.Qa3 Rc8
16.Rfc1 Rxc1+ 17.Rxc1 Nc6 18.Bc4 a6 19.h3 e6 20.d5 Ne5 21.Bb3 exd5 22.Bxd5 Bc6
23.Nc3 Re8 24.Rd1 Qc7 25.f4 Nd7 26.Qb3 Bxd5 27.Nxd5 Qa5 28.e5 Nc5 29.Qc4 Ne6
30.Bb6 Qa3 31.Rd3 Qb2 32.Qb3 Qc1+ 33.Rd1 Qc6 34.Be3 b5 35.Qd3 Kh8 36.Nb4 Qc8
37.Qd7 Qxd7 38.Rxd7 a5 39.Nc6 Kg8 40.Rb7 b4 41.Nxa5 Ra8 42.Nc6 Rxa2 43.Rxb4 Bf8
44.Rb8 Kg7 45.Nd4 Nxd4 46.Bxd4 Rd2 47.Bb2 Bc5+ 48.Kh2 Kh6 49.Rb7 Be3 50.Kg3 Rd3
51.Kf3 Bc5+ 52.Ke2 Re3+ 53.Kf1 Rd3 54.Rxf7 Rd1+ 55.Ke2 Rg1 56.Kf3 Rf1+ 57.Ke4 Rf2
58.g4 g5 59.fxg5+ Kg6 60.Rxf2  1-0

[Event "BL2-N9697"]
[Site "Germany"]
[Date "1997.??.??"]
[Round "?.3"]
[White "Lukacs, Peter"]
[Black "Berndt, Stephan"]
[Result "1-0"]
[WhiteElo "2470"]
[BlackElo "2370"]

1.d4 Nf6 2.c4 g6 3.Nc3 d5 4.cxd5 Nxd5 5.e4 Nxc3 6.bxc3 Bg7 7.Bc4 O-O 8.Ne2 Nc6
9.O-O b6 10.Be3 Bb7 11.Rc1 Qd6 12.Bd3 Rad8 13.Qd2 Ne5 14.Bf4 Qd7 15.Bxe5 Bxe5
16.f4 Bg7 17.f5 c5 18.d5 Qd6 19.c4 Qe5 20.Rf3 e6 21.Rcf1 exf5 22.exf5 Rfe8
23.f6 Bf8 24.Nc3 Bc8 25.h3 Bd7 26.Kh1 Bd6 27.g4 Bf8 28.a4 a6 29.Qc2 Rb8 30.Rg1 Bh6
31.Ne4 Qd4 32.Rd1 b5 33.axb5 axb5 34.Nd6 Re3 35.Bxg6 Rxf3 36.Rxd4 hxg6 37.Kg2 Rxf6
38.Ne4 Rf4 39.Rd1 Bg7 40.Nxc5 Rxc4 41.Qf2 Bd4 42.Rxd4 Rxc5 43.Rd2 Rbc8 44.Qf4 Rxd5
45.Rxd5 Bc6 46.Qd6 Bxd5+ 47.Qxd5 Re8 48.Qxb5 Re6 49.Kf3 Kg7 50.Qb2+ Kh7 51.Kf4 Kg8
52.Kg5 Kh7 53.Qd4 Ra6 54.Qe5 Rc6 55.Qe8 f6+ 56.Kh4 Ra6 57.Qe7+ Kh6 58.g5+ fxg5+
59.Qxg5+ Kh7 60.Qe5 Ra7 61.Qd5 Kh6 62.Qd4 Rg7 63.Qf6 Rh7 64.Kg4  1-0

[Event "Bundesliga 9798"]
[Site "Germany"]
[Date "1997.??.??"]
[Round "?.3"]
[White "Gabriel, Christian"]
[Black "Smejkal, Jan"]
[Result "1/2-1/2"]
[WhiteElo "2575"]
[BlackElo "2525"]

1.d4 Nf6 2.c4 g6 3.Nc3 d5 4.cxd5 Nxd5 5.e4 Nxc3 6.bxc3 Bg7 7.Bb5+ c6 8.Ba4 O-O
9.Ne2 e5 10.O-O Re8 11.f3 Nd7 12.Be3 b5 13.Bb3 Nb6 14.a4 Be6 15.axb5 cxb5
16.Bxe6 fxe6 17.dxe5 Bxe5 18.Qxd8 Rexd8 19.Rxa7 Rxa7 20.Bxb6 Ra2 21.Bxd8 Rxe2
22.Ba5 Ra2 23.Bb4 Rc2 24.Rb1 h5 25.Ba5 Bxc3 26.Bxc3 Rxc3 27.Rxb5 Kf7 28.h4 Kf6
29.Rb6 Kf7 30.Rb2 e5 31.Kf2 Ra3 32.g3 Rc3 33.Kg2 Rc4 34.Re2 Ra4 35.f4 exf4
36.gxf4 Ra3 37.Rb2 Re3 38.Rb4 Kf6 39.Rb6+ Kf7 40.e5 Ra3 41.Rf6+ Kg7 42.Rc6 Rb3
43.Rc7+ Kf8 44.Kf2 Rh3 45.e6 Ra3 46.Rf7+ Kg8 47.f5 gxf5 48.Rxf5 Ra8 49.Kf3 Re8
50.Rg5+ Kh7 51.Rxh5+  1/2-1/2

[Event "Oberliga Nord N9798"]
[Site "Germany"]
[Date "1997.??.??"]
[Round "?"]
[White "Czerwonski, Aleksander"]
[Black "Christ, Ralf"]
[Result "1-0"]
[WhiteElo "2395"]
[BlackElo "2270"]

1.d4 Nf6 2.c4 g6 3.Nc3 d5 4.cxd5 Nxd5 5.e4 Nxc3 6.bxc3 Bg7 7.Bb5+ c6 8.Ba4 b5
9.Bb3 b4 10.Ne2 bxc3 11.Be3 Ba6 12.Rc1 Nd7 13.e5 Qa5 14.O-O Nb6 15.Re1 Nc4
16.Nxc3 O-O 17.Na4 Nxe3 18.fxe3 Rad8 19.Qf3 Bh6 20.Nc5 Bc8 21.Rcd1 Qc7 22.h3 Kg7
23.Rd3 f6 24.e6 f5 25.Ba4 Rd6 26.Rb1 Bg5 27.Rdb3 Bf6 28.Nb7 Rxe6 29.Kh1 f4
30.Nc5 Rxe3 31.Rxe3 fxe3 32.Qxe3 Qd6 33.Rd1 Bf5 34.Nb3 Rd8 35.Qf3 e5 36.Na5 exd4
37.Nxc6 Rc8 38.Nxa7 Rc3 39.Qxc3 Qf4 40.Qf3 Qc7 41.Nb5 Qa5  1-0

[Event "Landesliga Nord 9697 Bayern"]
[Site "Germany"]
[Date "1997.??.??"]
[Round "?"]
[White "Eckstein, Bernd"]
[Black "Krupkova, Petra"]
[Result "1-0"]
[WhiteElo "2155"]
[BlackElo "2185"]

1.d4 Nf6 2.c4 g6 3.Nc3 d5 4.cxd5 Nxd5 5.e4 Nxc3 6.bxc3 Bg7 7.Bc4 O-O 8.Ne2 Nc6
9.Be3 b6 10.h4 Na5 11.Bd3 c5 12.d5 e6 13.c4 exd5 14.cxd5 Bxa1 15.Qxa1 f5
16.Bg5 Qd6 17.Bf4 Qe7 18.e5 Qg7 19.h5 g5 20.h6 Qg6 21.Rh3 g4 22.Rh4 Bb7 23.Be3 Bxd5
24.Nf4 Qf7 25.Nxd5 Qe6 26.Nf4 Qe7 27.Rh5 Rae8 28.Bxf5 Nc6 29.Nd5 Qf7 30.Rg5+ Kh8
31.e6+  1-0

[Event "Oberliga Ost A9798"]
[Site "Germany"]
[Date "1997.??.??"]
[Round "?"]
[White "Stettler, Michael"]
[Black "Klee, Mario"]
[Result "1/2-1/2"]
[WhiteElo "2330"]
[BlackElo "2150"]

1.d4 Nf6 2.c4 g6 3.Nc3 d5 4.cxd5 Nxd5 5.e4 Nxc3 6.bxc3 Bg7 7.Bc4 c5 8.Ne2 O-O
9.O-O cxd4 10.cxd4 Nc6 11.Be3 Bg4 12.f3 Na5 13.Bd5 Bc8 14.Bg5 h6 15.Bh4 g5
16.Bf2 e6 17.Bb3 Nxb3 18.axb3 Bd7 19.Qd2 a5 20.Nc3 b5 21.Rfc1 Qe7 22.e5 a4
23.bxa4 bxa4 24.Ne4 Rfb8 25.h4 a3 26.hxg5 Rb2 27.Qxb2 axb2 28.Rxa8+ Kh7 29.Rb1 Bc6
30.Rb8 hxg5 31.R1xb2 g4 32.Be3 Bxe4 33.fxe4 Qh4 34.Rf2 g3 35.Rf4 Qh2+ 36.Kf1 Qh5
37.Rf3 Bh6 38.Bxh6 Qh1+ 39.Ke2 Qxg2+ 40.Ke3 Qg1+ 41.Ke2 Qg2+ 42.Ke3 Qg1+  1/2-1/2

[Event "Oberliga Nord W9798"]
[Site "Germany"]
[Date "1997.??.??"]
[Round "?.1"]
[White "Lau, Dietmar"]
[Black "Joachim, Sven"]
[Result "0-1"]
[WhiteElo "2230"]
[BlackElo "2420"]

1.d4 Nf6 2.c4 g6 3.Nc3 d5 4.cxd5 Nxd5 5.e4 Nxc3 6.bxc3 Bg7 7.Be2 c5 8.Be3 Nc6
9.e5 cxd4 10.cxd4 Qa5+ 11.Kf1 O-O 12.h4 Rd8 13.h5 Bxe5 14.hxg6 hxg6 15.Bd2 Qd5
16.dxe5 Qxd2 17.Qb3 Be6 18.Qg3 Qb2 19.Re1 Qxe5 20.Qh4 Qf6 21.Qh7+ Kf8 22.Nf3 Rac8
23.Ng5 Bd5 24.Qh4 Qd4 25.Nh7+ Kg8 26.Bg4 f5 27.Ng5 fxg4 28.Qh7+ Kf8 29.Qxg6 Bg8
30.Nh7+ Bxh7 31.Rxh7 Qf6 32.Qxg4 Ne5 33.Qg3 Ng6 34.Rh6 Rc6 35.Qa3 Qg5 36.Rh3 Rd5
37.Qxa7 Rf6 38.Qb8+ Kg7 39.Rg3 Qf5 40.Rxe7+ Rf7 41.Rxf7+ Qxf7 42.Rb3 Nf4
43.Rb1 Rh5 44.Kg1 Ne2+ 45.Kf1 Nf4 46.Kg1 Ne2+ 47.Kf1 Rh1+ 48.Kxe2 Rxb1 49.Qe5+ Kf8
50.Qh8+ Ke7 51.Qh4+ Ke8 52.Qh8+ Kd7 53.Qd4+ Kc8 54.Qh8+ Kc7 55.Qe5+ Kb6 56.Qd4+ Ka5
57.Qc3+ Ka6 58.Qa3+ Kb5 59.g4 Qe6+ 60.Kf3 Qd5+ 61.Kg3 Rg1+ 62.Kh4 Qd8+ 63.Kh5 Qh8+
64.Kg5 Qe5+ 65.Kh6 Qf6+  0-1

[Event "NRW-Liga 9798"]
[Site "Germany"]
[Date "1997.??.??"]
[Round "1.5"]
[White "Boehle, Lars"]
[Black "Loehr, Markus"]
[Result "0-1"]
[WhiteElo "2290"]
[BlackElo "2145"]

1.d4 Nf6 2.c4 g6 3.Nc3 d5 4.cxd5 Nxd5 5.e4 Nxc3 6.bxc3 Bg7 7.Bc4 c5 8.Ne2 O-O
9.O-O Nc6 10.Be3 Qc7 11.Rc1 Rd8 12.Bf4 Qd7 13.d5 Na5 14.Bd3 b5 15.Be3 Nb7
16.c4 b4 17.f4 e5 18.Qd2 Qe7 19.fxe5 Bxe5 20.Bg5 f6 21.Bh4 Nd6 22.Kh1 Bd7
23.Rf2 a5 24.Rcf1 Rf8 25.Bg3 a4 26.Bxe5 Qxe5 27.Qc2 Rab8 28.Nc1 Rbe8 29.Re2 Qg5
30.Ree1 Qe5 31.Qf2 Rc8 32.Qc2 Kg7 33.h3 Rfe8 34.Qf2 Qd4 35.Qc2 Rb8 36.Ne2 Qe5
37.Ng1 b3 38.axb3 Rxb3 39.Nf3 Qc3 40.Qxc3 Rxc3 41.Bb1 Nf7 42.Rc1 Rxc1 43.Rxc1 Rb8
44.Bd3 Rb3 45.Bf1 Kf8 46.Kg1 Rb2 47.Ne1 Ne5 48.Nc2 Ke7 49.Kf2 a3 50.Ke3 a2
51.Na1 Ba4 52.Be2 Bb3 53.Rc3 Bxc4 54.Bxc4 Nxc4+ 55.Rxc4 Rb1 56.Nc2 Rc1 57.Ra4 Rxc2
58.Kf3 c4 59.g4 Kd6 60.Ke3 Kc5 61.h4 Kb5 62.Ra7 Kb4 63.d6 Rc3+ 64.Ke2 Rd3
65.Rxa2 Rxd6 66.Ra7 h6 67.Ke3 c3 68.Rc7 Kb3 69.Rb7+ Kc2 70.Rb4 Kc1 71.Ke2 c2
72.h5 g5 73.Ke1 Rd1+ 74.Ke2 Rg1 75.Rb6 Rxg4 76.Rxf6 Rxe4+ 77.Kd3 Re8  0-1

[Event "BL2-N9798"]
[Site "Germany"]
[Date "1997.??.??"]
[Round "1.8"]
[White "Federau, Juergen"]
[Black "Gieritz, Dietmar"]
[Result "1-0"]
[WhiteElo "2270"]
[BlackElo "2165"]

1.d4 Nf6 2.c4 g6 3.Nc3 d5 4.cxd5 Nxd5 5.e4 Nxc3 6.bxc3 Bg7 7.Bc4 O-O 8.Ne2 c5
9.O-O cxd4 10.cxd4 Nc6 11.Be3 Na5 12.Bd3 Bg4 13.Rc1 Bxe2 14.Bxe2 a6 15.Qd2 e6
16.d5 exd5 17.exd5 Re8 18.Rfd1 b5 19.d6 Re6 20.d7 Nc4 21.Bxc4 bxc4 22.Rxc4 Bf6
23.Qc1  1-0

[Event "BL2-N9798"]
[Site "Germany"]
[Date "1997.??.??"]
[Round "3.7"]
[White "Lindinger, Markus"]
[Black "Albrecht, Rainer"]
[Result "1-0"]
[WhiteElo "2250"]
[BlackElo "2260"]

1.d4 Nf6 2.c4 g6 3.Nc3 d5 4.cxd5 Nxd5 5.e4 Nxc3 6.bxc3 Bg7 7.Bc4 c5 8.Ne2 Nc6
9.Be3 O-O 10.h4 cxd4 11.cxd4 Na5 12.Bd3 Bg4 13.f3 Be6 14.d5 Bxa1 15.Qxa1 f6
16.h5 Bf7 17.hxg6 hxg6 18.Qb1 Qd6 19.Bd2 b6 20.Bb4 Qc7 21.e5 Qxe5 22.Bxg6 Qg5
23.Bh7+ Kg7 24.Rh3 Rh8 25.Rg3 Qxg3+ 26.Nxg3 Rxh7 27.Bxe7 Bxd5 28.Bxf6+ Kxf6
29.Qxh7 Bxa2 30.Nh5+ Kg5 31.Kf2  1-0

[Event "NRW-Liga 9798"]
[Site "Germany"]
[Date "1997.??.??"]
[Round "4"]
[White "Schoen, Wolfram"]
[Black "Riemersma, Liafbern"]
[Result "1/2-1/2"]
[WhiteElo "2410"]
[BlackElo "2455"]

1.d4 Nf6 2.c4 g6 3.Nc3 d5 4.cxd5 Nxd5 5.e4 Nxc3 6.bxc3 Bg7 7.Bc4 Nc6 8.Nf3 O-O
9.Be3 Na5 10.Be2 b6 11.O-O Bb7 12.Qc2 e6 13.Rad1 c5 14.dxc5 Qc7 15.cxb6 axb6
16.Rb1 Nc4 17.Bxc4 Qxc4 18.Nd2 Rxa2 19.Rb2 Rxb2 20.Qxb2 Qc6 21.Qxb6 Qxb6
22.Bxb6 Bxc3 23.Be3 Rd8 24.Nb1 Bb4 25.f3 Rd3 26.Kf2 f5 27.exf5 gxf5 28.Rc1 Rb3
29.Nd2 Rb2 30.Rb1 Rxb1 31.Nxb1 e5 32.g3 Kf7 33.Nd2 Ke6 34.f4 e4  1/2-1/2

[Event "Excelsior Cup"]
[Site "Gothenborg"]
[Date "1997.??.??"]
[Round "1"]
[White "Hillarp Persson, Tiger"]
[Black "Moberg, Karl Johan"]
[Result "1-0"]
[WhiteElo "2475"]
[BlackElo "2335"]

1.d4 Nf6 2.c4 g6 3.Nc3 d5 4.cxd5 Nxd5 5.e4 Nxc3 6.bxc3 Bg7 7.Be3 c5 8.Qd2 Qa5
9.Rc1 cxd4 10.cxd4 Qxd2+ 11.Kxd2 O-O 12.Nf3 Rd8 13.Bb5 Nc6 14.Bxc6 bxc6 15.Rc5 f5
16.h4 fxe4 17.Ne5 Rd5 18.Nxc6 Rxc5 19.dxc5 Be6 20.Rb1 Kf8 21.Rb7 Bd5 22.Rc7 Bxa2
23.Rxa7 Rxa7 24.Nxa7 Be5 25.Nc6 Bc7 26.Kc3 Ke8 27.Kb4 Kd7 28.Na7 Bd5 29.Kb5 e6
30.c6+ Kd8 31.g3 e5 32.Kc5 Be6 33.Bg5+ Ke8 34.Nb5 Ba5 35.Nd6+ Kf8 36.Nxe4 Bc7
37.Nc3 Kf7 38.Nb5 Ba5 39.c7 Be1 40.Nd6+ Kg7 41.Be3 Kf6 42.c8=Q  1-0

[Event "Excelsior Cup"]
[Site "Gothenborg"]
[Date "1997.??.??"]
[Round "7"]
[White "Gleizerov, Evgeny"]
[Black "Rytshagov, Mikhail"]
[Result "1/2-1/2"]
[WhiteElo "2545"]
[BlackElo "2485"]

1.d4 Nf6 2.c4 g6 3.Nc3 d5 4.cxd5 Nxd5 5.e4 Nxc3 6.bxc3 Bg7 7.Bb5+ c6 8.Ba4 b5
9.Bb3 b4 10.Ne2 bxc3 11.Be3 Nd7 12.Rc1 Ba6 13.e5 Qa5 14.e6 fxe6 15.O-O e5
16.Nxc3 exd4 17.Bxd4 Bxd4 18.Qxd4 Qe5 19.Rfd1  1/2-1/2

[Event "Groningen op"]
[Site "Groningen"]
[Date "1997.??.??"]
[Round "4"]
[White "Nenashev, Alexander"]
[Black "Conquest, Stuart"]
[Result "1-0"]
[WhiteElo "2585"]
[BlackElo "2500"]

1.d4 Nf6 2.c4 g6 3.Nc3 d5 4.cxd5 Nxd5 5.e4 Nxc3 6.bxc3 Bg7 7.Bc4 c5 8.Ne2 O-O
9.O-O Nc6 10.Be3 Bg4 11.f3 Na5 12.Bxf7+ Rxf7 13.fxg4 Rxf1+ 14.Kxf1 cxd4 15.cxd4 e5
16.d5 Nc4 17.Qd3 Nxe3+ 18.Qxe3 Qh4 19.h3 b6 20.Kg1 Bf8 21.Kh1 Bc5 22.Qd3 Qf6
23.Ng1 Qf2 24.Nf3 Bd6 25.Qa6 Rf8 26.Ng5 Qe3 27.Ne6 Qc3 28.Rg1 Rf7 29.Ng5 Re7
30.Rf1 Qc2 31.Ne6 h6 32.Rf8+ Kh7 33.Kh2 Rg7 34.Rd8 Be7 35.Rd7 Qxe4 36.Qb7 Qb4
37.d6  1-0

[Event "Groningen op"]
[Site "Groningen"]
[Date "1997.??.??"]
[Round "7"]
[White "Van Linde, Paul"]
[Black "Gerard, Nicolas"]
[Result "1-0"]
[WhiteElo "2140"]
[BlackElo "2270"]

1.d4 Nf6 2.c4 g6 3.Nc3 d5 4.cxd5 Nxd5 5.e4 Nxc3 6.bxc3 Bg7 7.Nf3 c5 8.Rb1 O-O
9.Be2 Nc6 10.d5 Ne5 11.Nxe5 Bxe5 12.Qd2 e6 13.f4 Bg7 14.c4 exd5 15.cxd5 Bd4
16.Bb2 Qb6 17.Bd3 c4 18.Bxc4 Re8 19.Qxd4 Qxd4 20.Bxd4 Rxe4+ 21.Kd2 Rxd4+
22.Kc3 Rxf4 23.d6 b6 24.Bd5 Rb8 25.Rhf1 Rf5 26.Kd4 Kg7 27.g4 Rxf1 28.Rxf1 f6
29.g5 Bf5 30.Be4 Rd8 31.gxf6+ Kf7 32.Bxf5 gxf5 33.Kd5 Kxf6 34.Kc6 Rc8+ 35.Kb7 Rf8
36.d7 Ke6 37.Kc7 Rf7 38.Re1+ Kd5 39.Kc8 Rxd7 40.Kxd7 f4 41.Re7 b5 42.Rxh7 b4
43.Rf7 Ke4 44.Kc6  1-0

[Event "Groningen op"]
[Site "Groningen"]
[Date "1997.??.??"]
[Round "9"]
[White "Lorscheid, Gerhard"]
[Black "Van Beek, Lucien"]
[Result "0-1"]
[WhiteElo "2320"]
[BlackElo "2215"]

1.d4 Nf6 2.c4 g6 3.Nc3 d5 4.cxd5 Nxd5 5.e4 Nxc3 6.bxc3 Bg7 7.Qa4+ c6 8.Bg5 O-O
9.Qa3 Re8 10.Bc4 b5 11.Bb3 Qd6 12.Qb2 e5 13.d5 Nd7 14.dxc6 Nb6 15.Nf3 Qxc6
16.Nd2 Bg4 17.O-O Rac8 18.Rfc1 Be2 19.Be3 Bf8 20.Bxb6 Qxb6 21.Bd5 Bc5 22.a4 Bxf2+
23.Kh1 Re7 24.a5 Qf6 25.Nb3 Bc4 26.Rf1 Bxf1 27.Rxf1 b4 28.Rxf2 bxc3 29.Qxc3 Qxf2
30.Qxc8+ Kg7 31.Qc5 Qf1+ 32.Qg1 Qf4 33.h3 Rc7 34.Qd1 Rc3 35.Qe1 Re3 36.Qg1 Qg3
37.Nd2 Re1 38.Nf1 Qd3 39.Kh2 Qxf1 40.Qxa7 Qf4+  0-1

[Event "Sachsen-ch"]
[Site "Gruenheide"]
[Date "1997.??.??"]
[Round "?"]
[White "Gempe, Thomas"]
[Black "Peters, Andreas"]
[Result "1/2-1/2"]
[WhiteElo "2220"]
[BlackElo "2315"]

1.d4 Nf6 2.c4 g6 3.Nc3 d5 4.cxd5 Nxd5 5.e4 Nxc3 6.bxc3 Bg7 7.Nf3 c5 8.Rb1 O-O
9.Be2 Nc6 10.d5 Bxc3+ 11.Bd2 Bxd2+ 12.Qxd2 Na5 13.h4 Bg4 14.h5 Bxf3 15.gxf3 e5
16.Qh6 g5 17.f4 exf4 18.Rg1 f6 19.e5 Qe7 20.exf6 Qxf6 21.Qxg5+ Qxg5 22.Rxg5+ Kf7
23.d6 b6 24.Bf3  1/2-1/2

[Event "Perenyi  Memorial"]
[Site "Gyula"]
[Date "1997.??.??"]
[Round "10"]
[White "Lukacs, Peter"]
[Black "Ruck, Robert"]
[Result "1-0"]
[WhiteElo "2470"]
[BlackElo "2450"]

1.d4 Nf6 2.c4 g6 3.Nc3 d5 4.cxd5 Nxd5 5.e4 Nxc3 6.bxc3 Bg7 7.Bc4 c5 8.Ne2 Nc6
9.Be3 O-O 10.O-O Qc7 11.Rc1 Rd8 12.Bf4 Qd7 13.d5 Na5 14.Bd3 e5 15.Bg5 Re8
16.Rb1 c4 17.Bc2 Qd6 18.Qd2 b6 19.f4 Nb7 20.f5 f6 21.Be3 Bd7 22.Ng3 Qe7 23.h4 Nd6
24.Bd1 Bf8 25.Bg4 Qg7 26.Qe2 Be7 27.fxg6 Bxg4 28.Qxg4 hxg6 29.Qh3 Qh7 30.Qe6+ Qf7
31.Qg4 Qg7 32.h5 gxh5 33.Qxh5 Bf8 34.Nf5 Nxf5 35.Qxf5 Kf7 36.Rf3 Qg6 37.Qd7+ Re7
38.Qc6 Qxe4 39.Rbf1 Rb8 40.Qd6 Ra8 41.Qxf6+ Kg8 42.d6 Rh7 43.Qe6+  1-0

[Event "SWE-ch"]
[Site "Haninge"]
[Date "1997.??.??"]
[Round "6"]
[White "Rylander, Dennis"]
[Black "Moberg, Karl Johan"]
[Result "1/2-1/2"]
[WhiteElo "2100"]
[BlackElo "2335"]

1.d4 Nf6 2.c4 g6 3.Nc3 d5 4.cxd5 Nxd5 5.e4 Nxc3 6.bxc3 Bg7 7.Bc4 O-O 8.Ne2 Nc6
9.O-O b6 10.Be3 Bb7 11.Rc1 Na5 12.Bd3 Qd7 13.Qd2 e6 14.Bh6 c5 15.Bxg7 Kxg7
16.Qg5  1/2-1/2

[Event "Heart of Finland op"]
[Site "?"]
[Date "1997.??.??"]
[Round "2"]
[White "Grabliauskas, Virginijus"]
[Black "Zitin, Yuri"]
[Result "1-0"]
[WhiteElo "2435"]
[BlackElo "2205"]

1.d4 Nf6 2.c4 g6 3.Nc3 d5 4.cxd5 Nxd5 5.e4 Nxc3 6.bxc3 Bg7 7.Bb5+ c6 8.Ba4 b5
9.Bb3 b4 10.Bb2 a5 11.cxb4 axb4 12.Rc1 Ba6 13.f4 Qd7 14.Nf3 O-O 15.Qd2 Qb7
16.e5 Nd7 17.h4 Rac8 18.e6 Nf6 19.exf7+ Kh8 20.Ng5 c5 21.Rxc5 Ne4 22.Rxc8 Rxc8
23.Nxe4 Qxe4+ 24.Kf2 Bf6 25.Re1 Qb7 26.d5 Qb6+ 27.Kg3 Kg7 28.d6 Rc3+ 29.Bxc3 bxc3
30.dxe7 Bxe7 31.Qxc3+ Bf6 32.Re8 Qd6  1-0

[Event "Heart of Finland op"]
[Site "?"]
[Date "1997.??.??"]
[Round "7"]
[White "Grabliauskas, Virginijus"]
[Black "Holmsten, Aleksei"]
[Result "0-1"]
[WhiteElo "2435"]
[BlackElo "2325"]

1.d4 Nf6 2.c4 g6 3.Nc3 d5 4.cxd5 Nxd5 5.e4 Nxc3 6.bxc3 Bg7 7.Bb5+ c6 8.Ba4 O-O
9.Ne2 Bg4 10.f3 Be6 11.Be3 Bc4 12.Bb3 Bxe2 13.Kxe2 c5 14.d5 Nd7 15.Rc1 Qa5
16.c4 f5 17.exf5 Rxf5 18.Qd2 Qa6 19.h4 Raf8 20.Kd1 Qf6 21.f4 Qd6 22.g3 e5
23.dxe6 Qxe6 24.Re1 R5f7 25.Ke2 Qh3 26.Bf2 Nf6 27.Rh1 Re8+ 28.Kf3 Qg4+ 29.Kg2 Rd7
30.Qc3 Ne4 31.Qf3 Nxf2 32.Ba4 Qxf3+ 33.Kxf3 Rd3+ 34.Kxf2 Bd4+ 35.Kf1 Ree3
36.Rh3 Rxg3 37.Rxg3 Rxg3 38.Bd1 Rh3 39.h5 gxh5 40.Kg2 Rd3 41.Bxh5 Be3 42.Rd1 Rxd1
43.Bxd1 Bxf4 44.Kf3 Bd2 45.Ke4 Kf7 46.Kf5 b5 47.cxb5 c4 48.Ke5 Ba5 49.Kd4 c3
50.Kc4 Ke6 51.Kb3 Kd5 52.Ka4 Bc7 53.Kb3 Kd4 54.Bg4 Ba5 55.Bd1 Ke3 56.Kc2 h6
57.Bh5 Kf4 58.Kb3 Kg5 59.Bd1 h5 60.Ka4 h4  0-1

[Event "FIN-ch"]
[Site "Helsinki"]
[Date "1997.??.??"]
[Round "8"]
[White "Tella, Jussi"]
[Black "Kekki, Petri"]
[Result "1/2-1/2"]
[WhiteElo "2335"]
[BlackElo "2255"]

1.d4 Nf6 2.c4 g6 3.Nc3 d5 4.cxd5 Nxd5 5.e4 Nxc3 6.bxc3 Bg7 7.Nf3 O-O 8.Be2 c5
9.Rb1 cxd4 10.cxd4 Qa5+ 11.Bd2 Qxa2 12.O-O Bg4 13.Bg5 Qe6 14.h3 Bxf3 15.Bxf3 Qd7
16.d5 Na6 17.Qe2 Nc5 18.Qe3 b6 19.e5 Rab8 20.Bh6 Qf5 21.Bxg7 Kxg7 22.Rb4  1/2-1/2

[Event "Herlev op"]
[Site "Herlev"]
[Date "1997.??.??"]
[Round "5"]
[White "Larsen, Peter"]
[Black "El Kher, Henrik"]
[Result "0-1"]
[WhiteElo "2215"]
[BlackElo "2305"]

1.d4 g6 2.c4 Nf6 3.Nc3 d5 4.cxd5 Nxd5 5.e4 Nxc3 6.bxc3 Bg7 7.Be3 c5 8.Qd2 cxd4
9.cxd4 Nc6 10.Rd1 Qa5 11.Bc4 Bd7 12.Ne2 O-O 13.O-O Qxd2 14.Rxd2 a6 15.d5 Na5
16.Bd3 Rfc8 17.Bd4 Nc4 18.Bxc4 Rxc4 19.Bxg7 Kxg7 20.f3 e6 21.dxe6 Bxe6 22.Nf4 Re8
23.h4 h6 24.Rff2 Rc6 25.Rc2 Bc4 26.Rfd2 Re7 27.Kf2 b5 28.Nd3 Rd6 29.Nc5 Rxd2+
30.Rxd2 a5 31.a3 Rc7 32.Nd7 Be6 33.Ne5 Rc3 34.Rd3 Rc2+ 35.Kg3 b4 36.axb4 axb4
37.Rd6 b3 38.Rb6 Rd2 39.f4 b2 40.Nf3 Rc2 41.e5 Ba2  0-1

[Event "Hessenliga9798"]
[Site "Hessen"]
[Date "1997.??.??"]
[Round "?.4"]
[White "Meiser, Markus"]
[Black "Schaefer, Michael"]
[Result "1-0"]
[WhiteElo "2255"]
[BlackElo "2220"]

1.d4 Nf6 2.c4 g6 3.Nc3 d5 4.cxd5 Nxd5 5.e4 Nxc3 6.bxc3 Bg7 7.Nf3 c5 8.Rb1 O-O
9.Be2 Nc6 10.d5 Ne5 11.Nxe5 Bxe5 12.Qd2 b6 13.f4 Bg7 14.c4 e6 15.O-O exd5
16.cxd5 Bb7 17.Bc4 Bd4+ 18.Kh1 Re8 19.Qd3 Qe7 20.e5 Qd7 21.Qb3 Qf5 22.Bb2 Rad8
23.Bxd4 cxd4 24.Rbd1 Qe4 25.Rde1 Qf5 26.d6 Kg7 27.Qd1 Qh3 28.Qd2 Rc8 29.Ba6 Qd7
30.Qxd4 Bxg2+ 31.Kxg2 Qg4+ 32.Kh1 Rc2 33.Rf2 Qh4 34.Ref1 Rec8 35.Bxc8  1-0